Expansion in renewable energy announced (Record no. 73057)

MARC details
000 -LEADER
fixed length control field 00990cam a2200193 4500
001 - CONTROL NUMBER
control field WB3927-07
008 - FIXED-LENGTH DATA ELEMENTS--GENERAL INFORMATION
fixed length control field 030716n2003 000 0 eng u
035 ## - SYSTEM CONTROL NUMBER
System control number (Sirsi) u123021
245 ## - TITLE STATEMENT
Title Expansion in renewable energy announced
260 ## - PUBLICATION, DISTRIBUTION, ETC.
Date of publication, distribution, etc. 2003
490 ## - SERIES STATEMENT
Series statement DTI Press Release
Volume/sequential designation (P/2003/403) 14 July 2003 (2)
520 ## - SUMMARY, ETC.
Summary, etc. The DTI has announced the biggest ever expansion in renewable energy, aiming to power one in six UK households by offshore windfarms. A recent survey by the British Wind Energy Association had revealed that 75% of bill payers supported the increased use of wind power. Copies of the government Energy White Paper are available online from http://www.dti.gov.uk/energy/whitepaper/index.shtml. http://www.gnn.gov.uk/gnn/national.nsf/TI/E5FB18E70F205F8080256D630034F27A?opendocument
590 ## - LOCAL NOTE (RLIN)
Local note WB
650 ## - SUBJECT ADDED ENTRY--TOPICAL TERM
Topical term or geographic name entry element RENEWABLE ENERGY
650 ## - SUBJECT ADDED ENTRY--TOPICAL TERM
Topical term or geographic name entry element OFFSHORE WIND POWER
650 ## - SUBJECT ADDED ENTRY--TOPICAL TERM
Topical term or geographic name entry element WINDFARMS
690 ## - LOCAL SUBJECT ADDED ENTRY--TOPICAL TERM (OCLC, RLIN)
Topical term or geographic name as entry element ENVIRONMENTAL AND LAND CONSULTANCY-ENERGY
942 ## - ADDED ENTRY ELEMENTS (KOHA)
Suppress in OPAC 0
Holdings
Withdrawn status Lost status Source of classification or shelving scheme Damaged status Not for loan Home library Current library Shelving location Date acquired Total Checkouts Full call number Barcode Date last seen Copy number Price effective from Koha item type
    Dewey Decimal Classification     London London News article 16/07/2003   WB3927-07 123021-1001 06/08/2019 1 06/08/2019 News article